Essentiel de l'organisation judiciaire en France (Record no. 2818)
[ view plain ]
| 000 -LEADER | |
|---|---|
| fixed length control field | 01746cam a2200385Li 4500 |
| 001 - CONTROL NUMBER | |
| control field | ocn758288813 |
| 003 - CONTROL NUMBER IDENTIFIER | |
| control field | TZ-ArACH |
| 005 - DATE AND TIME OF LATEST TRANSACTION | |
| control field | 20150420182434.0 |
| 008 - FIXED-LENGTH DATA ELEMENTS--GENERAL INFORMATION | |
| fixed length control field | 100924t20102010fr f pb 000 0 fre d |
| 016 7# - NATIONAL BIBLIOGRAPHIC AGENCY CONTROL NUMBER | |
| Record control number | FRBNF42273686000000X |
| Source | FrPBN |
| 020 ## - INTERNATIONAL STANDARD BOOK NUMBER | |
| International Standard Book Number | 9782297013758 (br) |
| 020 ## - INTERNATIONAL STANDARD BOOK NUMBER | |
| International Standard Book Number | 2297013752 (br) |
| 035 ## - SYSTEM CONTROL NUMBER | |
| System control number | (OCoLC)758288813 |
| 040 ## - CATALOGING SOURCE | |
| Original cataloging agency | ZWZ |
| Description conventions | ncafnor |
| Language of cataloging | fre |
| Transcribing agency | TZ-ArACH |
| Modifying agency | BDF |
| -- | FRBML |
| -- | U9S |
| 041 ## - LANGUAGE CODE | |
| Language code of text/sound track or separate title | Fre |
| 049 ## - LOCAL HOLDINGS (OCLC) | |
| Holding library | TZAA |
| 050 #4 - LIBRARY OF CONGRESS CALL NUMBER | |
| Classification number | KJV3721 |
| Item number | .B73 |
| 082 04 - DEWEY DECIMAL CLASSIFICATION NUMBER | |
| Classification number | 347 |
| Edition number | 22 |
| 100 1# - MAIN ENTRY--PERSONAL NAME | |
| Personal name | Branlard, Jean-Paul. |
| Relator term | Auteur. |
| 9 (RLIN) | 16179 |
| 245 12 - TITLE STATEMENT | |
| Title | Essentiel de l'organisation judiciaire en France |
| Medium | [Texte imprimé] / |
| Statement of responsibility, etc | Jean-Paul Branlard. |
| 250 ## - EDITION STATEMENT | |
| Edition statement | 3e édition. |
| 260 ## - PUBLICATION, DISTRIBUTION, ETC. (IMPRINT) | |
| Place of publication, distribution, etc | Paris : |
| Name of publisher, distributor, etc | Gualino : |
| -- | Lextenso éditions, |
| Date of publication, distribution, etc | DL 2010. |
| 300 ## - PHYSICAL DESCRIPTION | |
| Extent | 171 p. ; |
| Dimensions | 17 cm. |
| 490 1# - SERIES STATEMENT | |
| Series statement | Les carrés. Droit science politique |
| 504 ## - BIBLIOGRAPHY, ETC. NOTE | |
| Bibliography, etc | Bibliogr. p. [169]-171. |
| 650 #7 - SUBJECT ADDED ENTRY--TOPICAL TERM | |
| Topical term or geographic name as entry element | Justice |
| General subdivision | Administration |
| Geographic subdivision | France |
| General subdivision | Manuels d'enseignement supérieur. |
| Source of heading or term | ram |
| 9 (RLIN) | 16180 |
| 650 #4 - SUBJECT ADDED ENTRY--TOPICAL TERM | |
| Topical term or geographic name as entry element | Justice |
| General subdivision | Administration |
| Geographic subdivision | France |
| General subdivision | Manuels d'enseignement supérieur. |
| 9 (RLIN) | 16181 |
| 650 #6 - SUBJECT ADDED ENTRY--TOPICAL TERM | |
| Topical term or geographic name as entry element | Justice |
| General subdivision | Administration |
| Geographic subdivision | France. |
| 9 (RLIN) | 16182 |
| 776 0# - ADDITIONAL PHYSICAL FORM ENTRY | |
| Title | L'essentiel de l'organisation judiciaire en France [Ressource électronique] / Jean-Paul Branlard |
| Edition | 3e édition |
| Place, publisher, and date of publication | Bayeux : Numilog, [2010?]. (Les @carrés) |
| Record control number | (ABES)148926525 |
| 830 #4 - SERIES ADDED ENTRY--UNIFORM TITLE | |
| Uniform title | Les Carrés (Paris. 1996) |
| 9 (RLIN) | 16183 |
| 856 42 - ELECTRONIC LOCATION AND ACCESS | |
| Materials specified | Notice et cote du catalogue de la Bibliothèque nationale de France |
| Uniform Resource Identifier | <a href="http://catalogue.bnf.fr/ark:/12148/cb42273686g">http://catalogue.bnf.fr/ark:/12148/cb42273686g</a> |
| 942 ## - ADDED ENTRY ELEMENTS (KOHA) | |
| Source of classification or shelving scheme | Library of Congress Classification |
| Koha item type | Books |
| Home library | Current library | Shelving location | Date acquired | Full call number | Barcode | Koha item type |
|---|---|---|---|---|---|---|
| African Court on Human and Peoples' Rights Library | African Court on Human and Peoples' Rights Library | 20/04/2015 | KJV3721 .B73 | 10234829 | Books | |
| African Court on Human and Peoples' Rights Library | African Court on Human and Peoples' Rights Library | 20/04/2015 | KJV3721 .B73 | 10234756 | Books |
